000 00301nam a22001337a 4500
008 170215b xxu||||| |||| 00| 0 eng d
020 _a9780827378230
041 _aeng
080 _24TH
_a61
100 _a4
101 _aSHM
245 _aDIVERSIFIED HEALTH OCCUPATIONS
_cSIMMERS, L
942 _2udc
_cBK
999 _c5501
_d5501